000
00269nam a2200097Ia 4500
008
120527s9999 xx 000 0 und d
100
_a
SAVADER,J,Scott.
245
_a
Venous interventional radiology with clinical perspective.
260
_b
New International
942
_c
BK
999
_c
23733
_d
23733